000 02067 a2200205 4500
020 _a0750697016
020 _a9780750697019
082 0 4 _a658.402
090 _c2887
_d2887
100 1 _aSavage, Charles.
245 1 0 _aFifth generation management, second edition :
_bdynamic teaming, virtual enterprising and knowledge networking /
_cCharles Savage.
250 _a2nd ed.
260 _a[S.l.] :
_bButterworth-Heinemann,
_c1996.
300 _a341 p. ;
_c24 cm.
500 _aPaperback.
520 _aThis revised edition of Fifth Generation Management helps executives out of the rigid mindsets of the Industrial Era into the vibrant and invigorating possibilities of co-creation in the Knowledge Era. Divided into two parts, the first completely rewritten section narrates 'Five Days that Changed the Enterprise', a case study of senior executives who are forced out of their cozy little empires into a new network organization of their own design. The second part discusses the process of co-creating through virtual enterprising, dynamic teaming, and knowledge networking. Included is essential new information on fractal enterprises, holonic management systems, agile enterprises, and hypertext organizations. Charles Savage is president of Knowledge Era Enterprises, Inc and was formerly in the consultant division of DIgital Equipment Corporation. He presents 'Master Classes' on dynamic teaming and virtual enterprising and has written extensively on the knowledge era. His company's logo is a key with the phrase "Unlocking the Future". Charles Savage assists companies around the world to achieve that goal. Over 40,000 copies of previous edition sold world-wide Previous edition was awarded 'Book of the Year' by Tom Peters. Covers lessons learned over the last five years since Fifth Generation Management was first published.
856 4 0 _3Amazon.com
_uhttp://www.amazon.com/exec/obidos/ASIN/0750697016/chopaconline-20
856 4 0 _3Amazon customer reviews
_uhttp://www.chopac.org/cgi-bin/tools/azrev.pl?q=0750697016
942 _aNBS
_cBK
_k658.402 SAN
999 _c345377
_d345377